| 000 | 01505cam a22004214a 4500 | ||
|---|---|---|---|
| 001 | 12688399 | ||
| 003 | OSt | ||
| 005 | 20260323095856.0 | ||
| 008 | 020228s2003 mau b 001 0 eng | ||
| 010 | _a 2002018490 | ||
| 020 |
_a0631227075 _qalk. paper |
||
| 020 |
_a0631227083 _qpbk. : alk. paper |
||
| 020 |
_a9780631227076 _q(alk. paper) |
||
| 020 |
_a9780631227083 _q(pbk. : alk. paper) |
||
| 035 | _a12688399 | ||
| 035 | _a(DLC) 2002018490 | ||
| 035 | _a(DLC)4393 | ||
| 040 |
_aDLC _cFoundation University _dDLC _dFULib _beng _erda |
||
| 042 | _apcc | ||
| 050 | 0 | 0 |
_aN 6490 _b.2002 A71 |
| 082 | 0 | 0 |
_a709/.04 _221 |
| 245 | 0 | 0 |
_aArt in theory, 1900-2000 : _ban anthology of changing ideas / _cedited by Charles Harrison and Paul Wood. |
| 250 | _a2nd edition | ||
| 260 |
_aMalden, MA : _bBlackwell Pub., _c2003. |
||
| 264 | _42003. | ||
| 300 |
_axxvii, 1258 pages _b; _c26 cm. _3resource _fvolume |
||
| 336 |
_atext _btxt _2rdacontent |
||
| 337 |
_aunmediated _bn _2rdamedia |
||
| 338 |
_avolume _bnc _2rdacarrier _3resource |
||
| 500 | _aRev edition of: Art in theory, 1900-1990. 1993. | ||
| 504 | _aIncludes bibliographical references and index. | ||
| 650 | 0 |
_aArt, Modern _y20th century _xPhilosophy. _915409 |
|
| 658 |
_aFine Arts, Bachelor of : _bArt Theory ; _cFA335, FA336 |
||
| 700 | 1 |
_aHarrison, Charles, _d1942-2009. _915410 |
|
| 700 | 1 |
_aWood, Paul. _915411 |
|
| 730 | 0 |
_aArt in theory, 1900-1990. _915412 |
|
| 942 |
_2lcc _cBK _e2nd edition _hN 6490 _i.2002 A71 _k(DAFA-FA) |
||
| 999 |
_c5704 _d5704 |
||